000 00768nas a2200253 4500
001 BR2012003516
003 BR-BrBNA
005 20231205120555.0
007 ta
008 230509b bl.|||p| |||| 00| 00por d
040 _aBR-BrBNA
_bpor
_cBiblioteca Nacional de Agricultura
041 _a(Pt)
072 _aQ03
100 1 _aMohr, S.
100 1 _aCostabeber, I.H.
245 1 _aAspectos toxicológicos e ocorrência dos bifenilos policlorados em alimentos
650 _aALIMENTO
650 _aCOMPOSTO ORGÂNICO
650 _aCADEIA ALIMENTAR
650 _aTOXICOLOGIA DE ALIMENTO
773 0 _tCiência Rural (Brazil)
_xISSN 0103-8478
_g(Mar 2012), v. 42(3) p. 559-566
_wBR2012003516
909 _a202311
_bLúcia
_c55
_dLúcia Elande
942 _2AGRIS
_n0
_cANA
999 _c219204
_d219204